000 00315nam a22001337a 4500
008 180904b xxu||||| |||| 00| 0 eng d
020 _a9780495013273
041 _aeng
080 _a510
100 _a37
101 _aMAT
245 _aEssentials Algebra For Chemistry Students
_cBALL.D.DW
942 _2udc
_cBK
999 _c47528
_d47528